[Event "43. Olimpiada Batumi 2018 Femenina"]
[Site "Batumi GEO"]
[Date "2018.09.28"]
[Round "5.3"]
[White "Alawadhi, Amenah"]
[Black "Patino Garcia, Corals"]
[Result "0-1"]
[WhiteElo "1374"]
[BlackElo "2023"]
[PlyCount "38"]
[EventDate "2018.09.24"]
[EventType "team-swiss"]
[EventRounds "11"]
[EventCountry "GEO"]
[SourceTitle "Ajedrez en Madrid"]
[Source "lmi"]
[SourceDate "2018.09.24"]
[WhiteTeam "Kuwait"]
[BlackTeam "Venezuela"]
[WhiteTeamCountry "KUW"]
[BlackTeamCountry "VEN"]

1. d4 e6 2. Nf3 Nf6 3. Bg5 d5 4. Nbd2 c5 5. e3 Nc6 6. c3 Bd6 7. Bd3 e5 8. e4
cxd4 9. cxd4 dxe4 10. Bxf6 Qxf6 11. dxe5 Nxe5 12. Qa4+ Bd7 13. Qxe4 Bc6 14. Bb5
Bxb5 15. Nd4 Bd3 16. Qe3 O-O 17. f4 Rfe8 18. Kd1 Ng4 19. Qf3 Ne3+ 0-1

[Event "43. Olimpiada Batumi 2018 Femenina"]
[Site "Batumi GEO"]
[Date "2018.09.28"]
[Round "5.4"]
[White "Alvarado Arcila, Marvia Josefina"]
[Black "Baqer, Fatemah Alzahraa"]
[Result "1-0"]
[WhiteElo "1956"]
[BlackElo "1173"]
[PlyCount "97"]
[EventDate "2018.09.24"]
[EventType "team-swiss"]
[EventRounds "11"]
[EventCountry "GEO"]
[SourceTitle "Ajedrez en Madrid"]
[Source "lmi"]
[SourceDate "2018.09.24"]
[WhiteTeam "Venezuela"]
[BlackTeam "Kuwait"]
[WhiteTeamCountry "VEN"]
[BlackTeamCountry "KUW"]

1. d4 d5 2. c4 c6 3. Nf3 Nf6 4. e3 Bf5 5. Nc3 e6 6. Be2 Be7 7. O-O O-O 8. Ne5
Nbd7 9. Nxd7 Qxd7 10. b3 b6 11. Bb2 Rad8 12. Rc1 Bd6 13. Qd2 Bb4 14. f3 Qe7 15.
Bd3 Bxc3 16. Qxc3 dxc4 17. Bxc4 Nd5 18. Qd2 Qb4 19. Qxb4 Nxb4 20. e4 Bg6 21. a3
b5 22. Be2 Na6 23. Rxc6 Nb8 24. Rc7 a6 25. Rfc1 h6 26. a4 b4 27. a5 Rfe8 28.
R1c4 e5 29. d5 Nd7 30. Rxb4 Nb8 31. Rb6 h5 32. Ba3 Rc8 33. d6 Red8 34. Bxa6
Nxa6 35. Rxa6 Rxc7 36. dxc7 Rd1+ 37. Kf2 Rd2+ 38. Ke3 Rc2 39. Ra8+ Kh7 40. c8=Q
Rxc8 41. Rxc8 f5 42. a6 Bf7 43. a7 Be6 44. a8=Q Bxc8 45. Qxc8 f4+ 46. Kd3 Kg6
47. Qe6+ Kh7 48. Bf8 Kh8 49. Qf7 1-0

[Event "43. Olimpiada Batumi 2018 Femenina"]
[Site "Batumi GEO"]
[Date "2018.09.28"]
[Round "5.1"]
[White "Magne, Kouokam Sylviane"]
[Black "Hoshino, Karen"]
[Result "0-1"]
[WhiteElo "1308"]
[BlackElo "1945"]
[PlyCount "88"]
[EventDate "2018.09.24"]
[EventType "team-swiss"]
[EventRounds "11"]
[EventCountry "GEO"]
[SourceTitle "Ajedrez en Madrid"]
[Source "lmi"]
[SourceDate "2018.09.24"]
[WhiteTeam "Cameroon"]
[BlackTeam "Japan"]
[WhiteTeamCountry "CAM"]
[BlackTeamCountry "JPN"]

1. d4 Nf6 2. c4 e6 3. Nf3 b6 4. Nc3 Bb4 5. Bd2 Bb7 6. a3 Bxc3 7. Bxc3 O-O 8. e3
Ne4 9. Bb4 d6 10. Be2 Nd7 11. O-O f5 12. Rc1 Qe7 13. d5 e5 14. Bd3 Ng5 15. Nxg5
Qxg5 16. f4 Qe7 17. fxe5 Qxe5 18. Qe2 Rae8 19. Rce1 g6 20. Bc3 Qe7 21. e4 f4
22. Bd2 Qh4 23. Rf3 Ne5 24. Rh3 Qg5 25. Bc3 Bc8 26. Rf3 Bg4 27. Bxe5 Rxe5 28.
Ref1 Bxf3 29. Rxf3 Re7 30. b4 Qe5 31. Bc2 Rg7 32. Qf2 g5 33. g3 Rgf7 34. g4 h5
35. h3 Rh7 36. Qg2 Kg7 37. gxh5 Rxh5 38. Qg4 Rh4 39. Qg2 Kf6 40. Kh2 g4 41. Rb3
f3+ 42. Qg3 Rxh3+ 43. Kg1 Qxg3+ 44. Kf1 Rh1# 0-1

[Event "43. Olimpiada Batumi 2018 Femenina"]
[Site "Batumi GEO"]
[Date "2018.09.28"]
[Round "5.3"]
[White "Uwase, Joselyne"]
[Black "Al-Fayyadh, Yamama Asif Abdula"]
[Result "0-1"]
[WhiteElo "1551"]
[BlackElo "1604"]
[PlyCount "90"]
[EventDate "2018.09.24"]
[EventType "team-swiss"]
[EventRounds "11"]
[EventCountry "GEO"]
[SourceTitle "Ajedrez en Madrid"]
[Source "lmi"]
[SourceDate "2018.09.24"]
[WhiteTeam "Rwanda"]
[BlackTeam "Iraq"]
[WhiteTeamCountry "RWA"]
[BlackTeamCountry "IRQ"]

1. e4 e5 2. Nf3 Nc6 3. Bb5 a6 4. Bxc6 dxc6 5. d3 Bd6 6. Nc3 Ne7 7. O-O Bg4 8.
h3 Bh5 9. Bg5 f6 10. Bh4 Ng6 11. Bg3 Qe7 12. Qe2 O-O-O 13. Na4 Nf4 14. Qe3 Kb8
15. a3 g5 16. b4 Rhg8 17. Kh2 Rg7 18. Nd2 Bf7 19. Rab1 h5 20. Kg1 h4 21. Bh2 g4
22. hxg4 Rxg4 23. Bxf4 exf4 24. Qh3 Rdg8 25. Nf3 Rxg2+ 26. Qxg2 Rxg2+ 27. Kxg2
Be6 28. Rg1 Qh7 29. Nd4 Bc8 30. c4 f5 31. f3 Qg7+ 32. Kf1 Qxd4 33. Ke2 Qe3+ 34.
Kd1 Qxg1+ 35. Kc2 Qxb1+ 36. Kxb1 h3 37. c5 Be5 38. Kc2 h2 39. Nc3 Bxc3 40. Kxc3
h1=Q 41. Kc2 Qxf3 42. exf5 Bxf5 43. Kb2 Qxd3 44. a4 Qc2+ 45. Ka3 Be6 0-1

[Event "43. Olimpiada Batumi 2018 Femenina"]
[Site "Batumi GEO"]
[Date "2018.09.28"]
[Round "5.1"]
[White "Mena, Ailen Oriana"]
[Black "Figueroa, Julissa"]
[Result "1/2-1/2"]
[WhiteElo "1884"]
[BlackElo "1666"]
[PlyCount "74"]
[EventDate "2018.09.24"]
[EventType "team-swiss"]
[EventRounds "11"]
[EventCountry "GEO"]
[SourceTitle "Ajedrez en Madrid"]
[Source "lmi"]
[SourceDate "2018.09.24"]
[WhiteTeam "Netherlands Antilles"]
[BlackTeam "Barbados"]
[WhiteTeamCountry "AHO"]
[BlackTeamCountry "BAR"]

1. d4 d5 2. Bf4 Nf6 3. e3 c5 4. c3 Qb6 5. Qc2 g6 6. Nd2 Bg7 7. dxc5 Qxc5 8. Nb3
Qb6 9. Nf3 Nc6 10. h3 Bf5 11. Bd3 Bxd3 12. Qxd3 O-O 13. O-O Rfd8 14. Rac1 a5
15. Qe2 Ne4 16. Nbd4 Nxd4 17. cxd4 Rdc8 18. Rc2 Rc6 19. Rfc1 Rac8 20. Ne5 Bxe5
21. Bxe5 f6 22. Bf4 Kf7 23. f3 Rxc2 24. Rxc2 Rxc2 25. Qxc2 Nd6 26. Kf2 Ke6 27.
b3 Kd7 28. h4 Qc6 29. Qd3 Qb5 30. Qc3 a4 31. Bxd6 Kxd6 32. bxa4 Qxa4 33. Qc5+
Ke6 34. Qb6+ Kf7 35. Qxb7 Qxa2+ 36. Kg3 h5 37. Qc6 Qb3 1/2-1/2

[Event "43. Olimpiada Batumi 2018 Femenina"]
[Site "Batumi GEO"]
[Date "2018.09.28"]
[Round "5.2"]
[White "Greenidge, Vanessa"]
[Black "Sanchez, Mariana"]
[Result "0-1"]
[WhiteElo "1492"]
[BlackElo "1505"]
[PlyCount "88"]
[EventDate "2018.09.24"]
[EventType "team-swiss"]
[EventRounds "11"]
[EventCountry "GEO"]
[SourceTitle "Ajedrez en Madrid"]
[Source "lmi"]
[SourceDate "2018.09.24"]
[WhiteTeam "Barbados"]
[BlackTeam "Netherlands Antilles"]
[WhiteTeamCountry "BAR"]
[BlackTeamCountry "AHO"]

1. d4 e6 2. c4 d5 3. Nc3 c5 4. cxd5 exd5 5. dxc5 d4 6. Ne4 Nc6 7. Nf3 Bf5 8.
Ng3 Bg6 9. Bd2 h5 10. h4 Bxc5 11. Qb3 Qd7 12. Rc1 b6 13. Qc4 Rc8 14. a3 a5 15.
Bf4 Nf6 16. Nd2 Ng4 17. Nge4 Bxe4 18. Nxe4 Nce5 19. Qa2 O-O 20. Nxc5 Rxc5 21.
Rxc5 bxc5 22. f3 Qf5 23. Bd2 Ne3 24. Bxa5 Qc2 25. Rg1 N5c4 26. Bc7 Re8 27. Qa1
Nxf1 28. Qd1 Qxd1+ 29. Kxd1 Nxb2+ 30. Kc2 Rxe2+ 31. Kb3 c4+ 32. Kb4 Re1 33. Bg3
Rb1 34. Kc5 d3 35. Bf4 c3 36. Kd4 d2 37. Kxc3 d1=Q 38. Kb4 Qd4+ 39. Kb5 Nd3+
40. Kc6 Rb6+ 41. Kc7 Qc5+ 42. Kd8 Rb7 43. Rxf1 Qe7+ 44. Kc8 Qd7# 0-1

[Event "43. Olimpiada Batumi 2018 Femenina"]
[Site "Batumi GEO"]
[Date "2018.09.28"]
[Round "5.3"]
[White "Marcos, Taqesyah"]
[Black "Cumberbatch, Gabriela"]
[Result "1-0"]
[WhiteElo "1583"]
[BlackElo "1402"]
[PlyCount "159"]
[EventDate "2018.09.24"]
[EventType "team-swiss"]
[EventRounds "11"]
[EventCountry "GEO"]
[SourceTitle "Ajedrez en Madrid"]
[Source "lmi"]
[SourceDate "2018.09.24"]
[WhiteTeam "Netherlands Antilles"]
[BlackTeam "Barbados"]
[WhiteTeamCountry "AHO"]
[BlackTeamCountry "BAR"]

1. e4 d5 2. exd5 Qxd5 3. Nc3 Qd6 4. h3 Nf6 5. d4 c6 6. Nf3 Bf5 7. Bc4 e6 8. Ne5
Nbd7 9. Bf4 Qb4 10. Nxd7 Nxd7 11. Bb3 Be7 12. O-O O-O 13. Ne2 Rad8 14. c3 Qb6
15. Ng3 Bg6 16. Qe2 Nf6 17. Rfe1 Rfe8 18. Qf3 c5 19. dxc5 Bxc5 20. Red1 a6 21.
Be5 Nd7 22. Bf4 Nf6 23. Bg5 Be7 24. h4 h6 25. Be3 Qc7 26. Ba4 Rf8 27. h5 Bh7
28. Rd4 Rxd4 29. Bxd4 Rd8 30. Be3 e5 31. Nf5 e4 32. Nxe7+ Qxe7 33. Qe2 Qe5 34.
Bb6 Rc8 35. Rd1 Qxh5 36. Qd2 Qe5 37. Bd4 Qe7 38. Bxf6 Qxf6 39. Qd7 Rb8 40. Qc7
Rf8 41. Qxb7 Bf5 42. Qc7 Qg6 43. Bd7 Qg4 44. Rd4 Bxd7 45. Rxd7 Qe2 46. Qb6 Re8
47. Rd6 e3 48. fxe3 Rxe3 49. Qxa6 Qc2 50. Qb5 Re1+ 51. Kh2 Qe4 52. Rd8+ Kh7 53.
Qd3 Qxd3 54. Rxd3 Re2 55. b4 Rxa2 56. b5 Ra3 57. Rd7 Rxc3 58. Rxf7 Rc8 59. Rb7
Kg8 60. b6 Kh7 61. Kh3 Kg6 62. g3 Kf6 63. Kg4 Rc4+ 64. Kh5 Rc5+ 65. Kh4 Rc4+
66. Kh5 Rc5+ 67. Kh4 Rc4+ 68. Kh3 Rb4 69. Rb8 Ke7 70. b7 Kd7 71. Rg8 Rxb7 72.
Rxg7+ Kc6 73. Rxb7 Kxb7 74. Kh4 Kc7 75. Kh5 Kd6 76. Kxh6 Ke5 77. g4 Kf6 78. g5+
Kf7 79. Kh7 Kf8 80. g6 1-0

[Event "43. Olimpiada Batumi 2018 Femenina"]
[Site "Batumi GEO"]
[Date "2018.09.28"]
[Round "5.4"]
[White "Murray, Donna"]
[Black "Salim-Moussa, Seydi"]
[Result "1/2-1/2"]
[WhiteElo "1318"]
[BlackElo "1601"]
[PlyCount "86"]
[EventDate "2018.09.24"]
[EventType "team-swiss"]
[EventRounds "11"]
[EventCountry "GEO"]
[SourceTitle "Ajedrez en Madrid"]
[Source "lmi"]
[SourceDate "2018.09.24"]
[WhiteTeam "Barbados"]
[BlackTeam "Netherlands Antilles"]
[WhiteTeamCountry "BAR"]
[BlackTeamCountry "AHO"]

1. d4 d6 2. Nf3 g6 3. c4 Bg7 4. Nc3 Nf6 5. Bg5 Nc6 6. e3 O-O 7. Be2 e5 8. O-O
h6 9. Bh4 g5 10. Bg3 Nh5 11. Qc2 f5 12. dxe5 Nxg3 13. fxg3 dxe5 14. Rad1 Qe8
15. Nd5 Qf7 16. e4 Be6 17. Bd3 f4 18. gxf4 gxf4 19. Qf2 Nd8 20. Qh4 Re8 21. Bc2
c6 22. Nc3 Bxc4 23. Rf2 Qf6 24. Rfd2 Qxh4 25. Nxh4 Be6 26. Rd6 Nf7 27. R6d3
Rad8 28. a3 Rxd3 29. Rxd3 Bf6 30. Nf3 Rd8 31. Na4 Kh7 32. Nc5 Bc8 33. Rc3 Rg8
34. Bb3 Rg7 35. Ne6 Bxe6 36. Bxe6 Ng5 37. Bf5+ Kh8 38. Nxg5 Rxg5 39. Kf2 h5 40.
Rd3 Rg7 41. Rd6 Bh4+ 42. Kf3 Bg5 43. b3 a6 1/2-1/2

[Event "43. Olimpiada Batumi 2018 Femenina"]
[Site "Batumi GEO"]
[Date "2018.09.28"]
[Round "5.3"]
[White "Frijde, Reyna"]
[Black "Ebrahim, Zahabiyah"]
[Result "1-0"]
[WhiteElo "1559"]
[BlackElo "1217"]
[PlyCount "81"]
[EventDate "2018.09.24"]
[EventType "team-swiss"]
[EventRounds "11"]
[EventCountry "GEO"]
[SourceTitle "Ajedrez en Madrid"]
[Source "lmi"]
[SourceDate "2018.09.24"]
[WhiteTeam "Surinam"]
[BlackTeam "Tanzania"]
[WhiteTeamCountry "SUR"]
[BlackTeamCountry "TAN"]

1. e4 e5 2. Nf3 Nc6 3. Bc4 Bc5 4. d3 Nf6 5. O-O O-O 6. c3 d6 7. a4 a6 8. Bb3
Bd7 9. Bc2 Qe7 10. Nbd2 d5 11. exd5 Nxd5 12. Ne4 Bb6 13. Bb3 Be6 14. Nfg5 Nxc3
15. bxc3 Bxb3 16. Qxb3 Rad8 17. Rd1 h6 18. Ba3 Qd7 19. Bxf8 Rxf8 20. Nf3 Re8
21. Qa3 Re6 22. Nc5 Bxc5 23. Qxc5 b6 24. Qe3 Qe7 25. Re1 Qf6 26. Nd2 Qf5 27.
Qf3 Qg5 28. Ne4 Qg6 29. Qg3 Qf5 30. Re3 Ne7 31. Qf3 Qg6 32. Ng3 Qg5 33. Qa8+
Kh7 34. Ne4 Qg4 35. Rg3 Qe2 36. Qf8 g6 37. Qxf7+ Kh8 38. Qxe6 Nf5 39. Qe8+ Kg7
40. Qxg6+ Kh8 41. Qg8# 1-0

[Event "43. Olimpiada Batumi 2018 Femenina"]
[Site "Batumi GEO"]
[Date "2018.09.28"]
[Round "5.1"]
[White "Leung, Hoi Ting"]
[Black "Atikankhotchasee, Manunthon"]
[Result "0-1"]
[WhiteElo "1284"]
[BlackElo "1667"]
[PlyCount "58"]
[EventDate "2018.09.24"]
[EventType "team-swiss"]
[EventRounds "11"]
[EventCountry "GEO"]
[SourceTitle "Ajedrez en Madrid"]
[Source "lmi"]
[SourceDate "2018.09.24"]
[WhiteTeam "Hong Kong"]
[BlackTeam "Thailand"]
[WhiteTeamCountry "HKG"]
[BlackTeamCountry "THA"]

1. e4 c5 2. Nf3 e6 3. d4 cxd4 4. Nxd4 Nc6 5. Be3 a6 6. Bd3 Qc7 7. Nd2 Nf6 8.
O-O Ne5 9. N2f3 Bd6 10. h3 b5 11. Re1 h6 12. Rb1 Bb7 13. Bd2 Bc5 14. Nxe5 Bxd4
15. Nf3 Ba7 16. Bc3 Rg8 17. Be5 d6 18. Bh2 e5 19. Qe2 g5 20. Nd2 g4 21. h4 g3
22. Bxg3 Rxg3 23. Kh2 Rg8 24. f3 Nh5 25. g4 Nf4 26. Qd1 Bf2 27. Rh1 Bxh4 28.
Kg1 Qc5+ 29. Kh2 Qf2# 0-1

[Event "43. Olimpiada Batumi 2018 Femenina"]
[Site "Batumi GEO"]
[Date "2018.09.28"]
[Round "5.2"]
[White "Chuemsakul, Sarocha"]
[Black "Ng, Sau Wai"]
[Result "1-0"]
[WhiteElo "1620"]
[BlackElo "1222"]
[PlyCount "57"]
[EventDate "2018.09.24"]
[EventType "team-swiss"]
[EventRounds "11"]
[EventCountry "GEO"]
[SourceTitle "Ajedrez en Madrid"]
[Source "lmi"]
[SourceDate "2018.09.24"]
[WhiteTeam "Thailand"]
[BlackTeam "Hong Kong"]
[WhiteTeamCountry "THA"]
[BlackTeamCountry "HKG"]

1. d4 d5 2. c4 c6 3. Nf3 Nf6 4. Nc3 dxc4 5. a4 Bf5 6. e3 e6 7. Bxc4 Bb4 8. O-O
O-O 9. Qb3 a5 10. Ne5 Qe7 11. Bd3 Bxd3 12. Nxd3 Na6 13. Qc4 Rfc8 14. Na2 c5 15.
Naxb4 cxd4 16. Qxd4 Rd8 17. Qc3 Rac8 18. Nd5 Nxd5 19. Qxa5 Nxe3 20. Bxe3 Rxd3
21. Rac1 Rdd8 22. Bb6 Re8 23. Qe5 f6 24. Qe4 Nc5 25. Qb4 Nd7 26. Qxe7 Rxe7 27.
Rxc8+ Kf7 28. Be3 Ne5 29. Rd1 1-0

[Event "43. Olimpiada Batumi 2018 Femenina"]
[Site "Batumi GEO"]
[Date "2018.09.28"]
[Round "5.3"]
[White "Lam, Ka Yan"]
[Black "Buhagiar, Melita Sunan"]
[Result "1-0"]
[WhiteElo "1182"]
[BlackElo "1378"]
[PlyCount "109"]
[EventDate "2018.09.24"]
[EventType "team-swiss"]
[EventRounds "11"]
[EventCountry "GEO"]
[SourceTitle "Ajedrez en Madrid"]
[Source "lmi"]
[SourceDate "2018.09.24"]
[WhiteTeam "Hong Kong"]
[BlackTeam "Thailand"]
[WhiteTeamCountry "HKG"]
[BlackTeamCountry "THA"]

1. d4 Nf6 2. Nc3 e6 3. e3 Be7 4. Be2 O-O 5. Nf3 b6 6. e4 Bb7 7. Qd3 d5 8. e5
Nfd7 9. h4 c5 10. Ng5 g6 11. b3 cxd4 12. Nb5 Nxe5 13. Qxd4 Bf6 14. Qf4 Nd3+ 15.
Bxd3 Bxa1 16. Ba3 e5 17. Qg3 Ba6 18. Bxf8 Bxb5 19. Bh6 Bxd3 20. Qxd3 Bd4 21.
O-O Nc6 22. Qf3 Qd7 23. Rd1 e4 24. Qf4 Rd8 25. c4 Be5 26. Qe3 Ne7 27. Nxe4 Qc7
28. Qd2 Rc8 29. cxd5 Nf5 30. Bg5 Bg7 31. d6 Qd7 32. g4 f6 33. Bxf6 Nh6 34. f3
Nf7 35. h5 Kf8 36. hxg6 hxg6 37. Qh2 Rc6 38. Be7+ Kg8 39. Qg2 Kh8 40. Qh2+ Kg8
41. Qe2 Kh8 42. Nf6 Bxf6 43. Bxf6+ Kg8 44. Qe7 Qxe7 45. dxe7 Rc8 46. Rd7 Kh7
47. g5 a6 48. Kf2 b5 49. Ke3 Kg8 50. Ke4 Nh8 51. Rd8+ Rxd8 52. exd8=Q+ Kf7 53.
Qxh8 a5 54. Qg7+ Ke6 55. Qe7# 1-0

[Event "43. Olimpiada Batumi 2018 Femenina"]
[Site "Batumi GEO"]
[Date "2018.09.28"]
[Round "5.4"]
[White "Singsomroj, Sornsawan"]
[Black "Li, Joy Ching"]
[Result "0-1"]
[WhiteElo "1340"]
[BlackElo "1137"]
[PlyCount "112"]
[EventDate "2018.09.24"]
[EventType "team-swiss"]
[EventRounds "11"]
[EventCountry "GEO"]
[SourceTitle "Ajedrez en Madrid"]
[Source "lmi"]
[SourceDate "2018.09.24"]
[WhiteTeam "Thailand"]
[BlackTeam "Hong Kong"]
[WhiteTeamCountry "THA"]
[BlackTeamCountry "HKG"]

1. e4 d5 2. exd5 Nf6 3. Nc3 Nxd5 4. Bc4 Be6 5. Bxd5 Bxd5 6. Nf3 g6 7. Qe2 Bg7
8. Qb5+ Bc6 9. Qe2 Na6 10. O-O Nb4 11. d3 Bxf3 12. gxf3 O-O 13. a3 Nc6 14. Bg5
Nd4 15. Qd1 Qd7 16. Kg2 Be5 17. f4 Qc6+ 18. f3 Ne6 19. fxe5 Nxg5 20. h4 Ne6 21.
d4 Qc4 22. Ne2 Nxd4 23. Qxd4 Qxe2+ 24. Rf2 Qb5 25. c4 Qb6 26. c5 Qe6 27. b4 b5
28. Qe4 a5 29. bxa5 Rxa5 30. Qb4 Rfa8 31. Re2 c6 32. Kg3 f5 33. f4 Ra4 34. Qc3
Qc4 35. Qe3 b4 36. Rc1 Qe6 37. axb4 Rxb4 38. Rc3 Rab8 39. Qd3 Rb3 40. Re3 Rxc3
41. Qxc3 Kg7 42. h5 gxh5 43. Kh4 Kf7 44. Rg3 Rg8 45. Rxg8 Kxg8 46. Qg3+ Qg6 47.
Qg5 Qxg5+ 48. Kxg5 h4 49. Kxh4 h6 50. e6 Kg7 51. Kh5 Kh7 52. Kh4 Kg6 53. Kg3
Kf6 54. Kh4 Kxe6 55. Kh5 Kd5 56. Kxh6 Kxc5 0-1

[Event "43. Olimpiada Batumi 2018 Femenina"]
[Site "Batumi GEO"]
[Date "2018.09.28"]
[Round "5.1"]
[White "Agbazue, Precious"]
[Black "Vilhete, Vania Fausto Da T"]
[Result "0-1"]
[WhiteElo "1902"]
[BlackElo "1752"]
[PlyCount "76"]
[EventDate "2018.09.24"]
[EventType "team-swiss"]
[EventRounds "11"]
[EventCountry "GEO"]
[SourceTitle "Ajedrez en Madrid"]
[Source "lmi"]
[SourceDate "2018.09.24"]
[WhiteTeam "Nigeria"]
[BlackTeam "Mozambique"]
[WhiteTeamCountry "NGR"]
[BlackTeamCountry "MOZ"]

1. e4 c5 2. Nf3 d6 3. d4 cxd4 4. Nxd4 Nf6 5. Nc3 a6 6. Be2 e5 7. Nf3 Be6 8. O-O
Nbd7 9. Be3 Be7 10. Qd2 O-O 11. Rfd1 b5 12. a3 Qc7 13. Ng5 Rac8 14. Nxe6 fxe6
15. Bf3 Nb6 16. Bxb6 Qxb6 17. Rf1 Bd8 18. Rad1 Bc7 19. Qe2 Qc6 20. Bg4 Qd7 21.
Nd5 Bd8 22. c3 Nxg4 23. Qxg4 Qf7 24. f3 exd5 25. Kh1 Rc4 26. Qg3 Rxe4 27. h3
Bh4 28. Qh2 Re2 29. b4 Rc8 30. Rc1 Qg6 31. Qg1 Bg5 32. Rce1 Rxe1 33. Rxe1 Rxc3
34. Qb6 Rxa3 35. Qb8+ Kf7 36. Qc7+ Be7 37. Rf1 Ra2 38. g4 Qh6 0-1

[Event "43. Olimpiada Batumi 2018 Femenina"]
[Site "Batumi GEO"]
[Date "2018.09.28"]
[Round "5.2"]
[White "Jefo, Suzete Vicente"]
[Black "Assa, Oluwaseun"]
[Result "1-0"]
[WhiteElo "1379"]
[BlackElo "1881"]
[PlyCount "113"]
[EventDate "2018.09.24"]
[EventType "team-swiss"]
[EventRounds "11"]
[EventCountry "GEO"]
[SourceTitle "Ajedrez en Madrid"]
[Source "lmi"]
[SourceDate "2018.09.24"]
[WhiteTeam "Mozambique"]
[BlackTeam "Nigeria"]
[WhiteTeamCountry "MOZ"]
[BlackTeamCountry "NGR"]

1. d4 Nf6 2. Bf4 e6 3. e3 d5 4. c4 Bb4+ 5. Nd2 Ne4 6. Qa4+ Nc6 7. Ngf3 Nxd2 8.
Nxd2 Bxd2+ 9. Kxd2 O-O 10. Bd3 Bd7 11. Qd1 Re8 12. cxd5 exd5 13. Re1 Rc8 14.
Qh5 g6 15. Qxd5 Nb4 16. Qb3 Nxd3 17. Qxd3 c5 18. d5 Qa5+ 19. Qc3 Qxc3+ 20. bxc3
c4 21. e4 Rc5 22. Rab1 b5 23. a3 Rcc8 24. Ke3 a6 25. Kd4 f6 26. Bd6 Kf7 27. f4
Rcd8 28. e5 fxe5+ 29. fxe5 Bf5 30. Rbd1 h5 31. Kc5 Bc2 32. Rd2 Bf5 33. Rd4 Rc8+
34. Kb6 Rcd8 35. e6+ Bxe6 36. Rxe6 Rxe6 37. dxe6+ Kxe6 38. Bg3 Rxd4 39. cxd4
Kd5 40. Kxa6 c3 41. Be1 c2 42. Bd2 Kxd4 43. Kxb5 Kd3 44. Bc1 Ke2 45. a4 Kf2 46.
h4 Kxg2 47. a5 Kh3 48. Bg5 c1=Q 49. Bxc1 Kxh4 50. a6 g5 51. a7 g4 52. a8=Q g3
53. Qg2 Kg4 54. Ba3 h4 55. Bd6 Kg5 56. Bxg3 hxg3 57. Qxg3+ 1-0

[Event "43. Olimpiada Batumi 2018 Femenina"]
[Site "Batumi GEO"]
[Date "2018.09.28"]
[Round "5.3"]
[White "Akintoye, Deborah"]
[Black "Sitoe, Cheila Andre"]
[Result "1/2-1/2"]
[WhiteElo "1853"]
[BlackElo "1545"]
[PlyCount "113"]
[EventDate "2018.09.24"]
[EventType "team-swiss"]
[EventRounds "11"]
[EventCountry "GEO"]
[SourceTitle "Ajedrez en Madrid"]
[Source "lmi"]
[SourceDate "2018.09.24"]
[WhiteTeam "Nigeria"]
[BlackTeam "Mozambique"]
[WhiteTeamCountry "NGR"]
[BlackTeamCountry "MOZ"]

1. e4 c5 2. Nf3 d6 3. Bc4 Nc6 4. Nc3 Bg4 5. h3 Bh5 6. g4 Bg6 7. d3 h6 8. Nh4
Bh7 9. Be3 e6 10. Nf3 a6 11. a3 Nf6 12. g5 hxg5 13. Bxg5 Be7 14. Qd2 Qd7 15.
O-O-O Bg6 16. Nh4 Bh5 17. Rde1 b5 18. Bb3 Nd4 19. Ne2 Nxe2+ 20. Rxe2 Bxe2 21.
Qxe2 Rc8 22. Ng2 Qc6 23. Ne3 c4 24. dxc4 Qxe4 25. f3 Qe5 26. f4 Qe4 27. Rh2
bxc4 28. Bxc4 Rc6 29. Bd3 Qd4 30. f5 Qe5 31. h4 Kd7 32. Rf2 Ra8 33. fxe6+ fxe6
34. Bf4 Qh5 35. Bg5 Qxe2 36. Rxe2 Nh5 37. Be4 Bxg5 38. Bxc6+ Kxc6 39. hxg5 Rf8
40. Rh2 g6 41. Kd2 Rf3 42. b3 Rg3 43. Rg2 Rxg2+ 44. Nxg2 Ng3 45. Kd3 d5 46. Nf4
Kd6 47. Nxg6 Ne4 48. c4 dxc4+ 49. Kxc4 Nxg5 50. Kd4 Nf3+ 51. Ke3 Ne5 52. Nxe5
Kxe5 53. b4 Kd5 54. Kd3 e5 55. a4 e4+ 56. Ke3 Kc4 57. b5 1/2-1/2

[Event "43. Olimpiada Batumi 2018 Femenina"]
[Site "Batumi GEO"]
[Date "2018.09.28"]
[Round "5.4"]
[White "Sitoe, Sheila"]
[Black "Ogbiyoyo, Perpetual Eloho"]
[Result "0-1"]
[WhiteElo "1425"]
[BlackElo "1830"]
[PlyCount "120"]
[EventDate "2018.09.24"]
[EventType "team-swiss"]
[EventRounds "11"]
[EventCountry "GEO"]
[SourceTitle "Ajedrez en Madrid"]
[Source "lmi"]
[SourceDate "2018.09.24"]
[WhiteTeam "Mozambique"]
[BlackTeam "Nigeria"]
[WhiteTeamCountry "MOZ"]
[BlackTeamCountry "NGR"]

1. e4 e5 2. Nf3 Nc6 3. Nc3 Nf6 4. Bb5 d6 5. d3 Be7 6. O-O O-O 7. Re1 Bg4 8. h3
Bh5 9. Be3 a6 10. Bxc6 bxc6 11. Bg5 Qd7 12. Nb1 h6 13. Bxf6 Bxf6 14. Nbd2 Rfe8
15. c3 c5 16. Rb1 Rad8 17. Qb3 c6 18. Qc4 Qa7 19. Qa4 Rc8 20. Nh2 d5 21. Qa3
Bd8 22. Nhf3 f6 23. Nh4 Bf7 24. Nf5 Bc7 25. Nb3 c4 26. dxc4 dxc4 27. Nd2 Rcd8
28. Nf3 Bb6 29. Re2 Bc5 30. Qa4 Qb6 31. Nd2 Qb5 32. Qd1 Rd3 33. Re1 Be6 34. Qh5
Red8 35. Nf3 Bxf5 36. Qxf5 R3d6 37. Nh4 Qb6 38. Ng6 Qa7 39. Qf3 Rd2 40. Re2
Rxe2 41. Qxe2 Qf7 42. Nh4 Rd3 43. Rd1 Qd7 44. Rxd3 cxd3 45. Qd2 Bb6 46. Kf1 c5
47. c4 Ba5 48. Qd1 d2 49. Nf3 Qd3+ 50. Kg1 Qxe4 51. Nxd2 Qd3 52. b3 Qxd2 53.
Qh5 Qe1+ 54. Kh2 Qxf2 55. Qe8+ Kh7 56. Qc6 Bd2 57. Qe4+ f5 58. Qb1 Bf4+ 59. Kh1
Bg3 60. a4 e4 0-1

[Event "43. Olimpiada Batumi 2018 Femenina"]
[Site "Batumi GEO"]
[Date "2018.09.28"]
[Round "5.3"]
[White "Hoareau, Rachelle"]
[Black "Narvaez Talavera, Joanie Ellen"]
[Result "0-1"]
[WhiteElo "1467"]
[BlackElo "1670"]
[PlyCount "48"]
[EventDate "2018.09.24"]
[EventType "team-swiss"]
[EventRounds "11"]
[EventCountry "GEO"]
[SourceTitle "Ajedrez en Madrid"]
[Source "lmi"]
[SourceDate "2018.09.24"]
[WhiteTeam "Seychelles"]
[BlackTeam "Nicaragua"]
[WhiteTeamCountry "SEY"]
[BlackTeamCountry "NCA"]

1. e4 d5 2. e5 c5 3. d4 cxd4 4. Qxd4 Nc6 5. Bb5 Qa5+ 6. Nc3 e6 7. b4 Bxb4 8.
Bd2 Bd7 9. Bxc6 Bxc6 10. Nf3 Ne7 11. O-O Nf5 12. Qg4 Bxc3 13. Bxc3 Qxc3 14. Ng5
Qd4 15. Rae1 Qxg4 16. Nxe6 fxe6 17. f3 Qd4+ 18. Kh1 Bb5 19. Rg1 Ne3 20. Rb1 Ba6
21. h3 Qd2 22. Rbe1 Rc8 23. Kh2 Rxc2 24. Kg3 Qf2+ 0-1

[Event "43. Olimpiada Batumi 2018 Femenina"]
[Site "Batumi GEO"]
[Date "2018.09.28"]
[Round "5.1"]
[White "Lieketseng, Ngatane"]
[Black "Joshi, Sindira"]
[Result "1-0"]
[WhiteElo "1518"]
[BlackElo "1584"]
[PlyCount "113"]
[EventDate "2018.09.24"]
[EventType "team-swiss"]
[EventRounds "11"]
[EventCountry "GEO"]
[SourceTitle "Ajedrez en Madrid"]
[Source "lmi"]
[SourceDate "2018.09.24"]
[WhiteTeam "Lesotho"]
[BlackTeam "Nepal"]
[WhiteTeamCountry "LES"]
[BlackTeamCountry "NEP"]

1. e4 e5 2. Nf3 Nf6 3. Nxe5 d6 4. Nf3 Nxe4 5. Be2 Be7 6. O-O O-O 7. Nc3 Nxc3 8.
dxc3 Nc6 9. Be3 Bd7 10. h3 Re8 11. Qd2 Be6 12. Nh2 Ne5 13. b3 a5 14. f4 Nc6 15.
f5 Bd7 16. Ng4 Ne5 17. f6 Bxg4 18. fxe7 Qxe7 19. hxg4 Ng6 20. Rf3 a4 21. Raf1
axb3 22. cxb3 Ra5 23. Bc4 Ne5 24. Rxf7 Nxf7 25. Bxf7+ Kh8 26. Bxe8 Qxe8 27. c4
Re5 28. Bd4 Re4 29. Rf4 Rxf4 30. Qxf4 Qe1+ 31. Qf1 Qxf1+ 32. Kxf1 Kg8 33. b4
Kf7 34. Ke2 g6 35. Kf3 Ke6 36. Ke4 c6 37. a4 Ke7 38. g5 Ke6 39. g4 Ke7 40. b5
c5 41. Bf6+ Ke6 42. Bg7 b6 43. Bc3 Ke7 44. Kd5 Kd7 45. a5 bxa5 46. Bxa5 Ke7 47.
Kc6 Ke6 48. b6 Ke5 49. b7 Kf4 50. b8=Q Kxg4 51. Bd2 d5 52. Qf4+ Kh3 53. Be1 Kg2
54. cxd5 Kh1 55. d6 c4 56. Qg3 c3 57. Bf2 1-0